| 000 | 00543nam a2200181 i 4500 | ||
|---|---|---|---|
| 001 | 132486 | ||
| 003 | ES-MaACL | ||
| 005 | 20250911063552.0 | ||
| 007 | t| | ||
| 008 | 070214s1964 sp r ||||1| spa d | ||
| 080 | _a821.134.2-82"19" | ||
| 100 | 1 |
_aRomero Murube, Joaquín, _d1904-1969 _999419 |
|
| 245 | 1 | 4 |
_aLos cielos que perdimos / _cJoaquín Romero y Murube. |
| 260 |
_aSevilla : _b[s. n.], _c1964 ( _fGráficas Sevillanas) |
||
| 300 |
_a269 p. ; _c21 cm. |
||
| 852 |
_aES-MaACL _jC-26298 _bR.55062 |
||
| 999 |
_c132486 _d132486 |
||